Impact study of e-office in secretariat local self government department, Kerala state (Record no. 4922)
[ view plain ]
| 000 -LEADER | |
|---|---|
| fixed length control field | 01813nam a22001817a 4500 |
| 003 - CONTROL NUMBER IDENTIFIER | |
| control field | OSt |
| 005 - DATE AND TIME OF LATEST TRANSACTION | |
| control field | 20220107122808.0 |
| 008 - FIXED-LENGTH DATA ELEMENTS--GENERAL INFORMATION | |
| fixed length control field | 160229b xxu||||| |||| 00| 0 eng d |
| 040 ## - CATALOGING SOURCE | |
| Transcribing agency | |
| 100 ## - MAIN ENTRY--PERSONAL NAME | |
| Personal name | Lippin Roy L D (14650009) |
| 9 (RLIN) | 8253 |
| 245 ## - TITLE STATEMENT | |
| Title | Impact study of e-office in secretariat local self government department, Kerala state |
| 300 ## - PHYSICAL DESCRIPTION | |
| Extent | PGDEG |
| 502 ## - DISSERTATION NOTE | |
| Degree type | Post Graduate Diploma in e- Governance |
| Name of granting institution | 2014-2015 |
| Year degree granted | EXT |
| -- | Ajith Kumar |
| -- | Rejeetha. R (Kerala State IT Mission) |
| Miscellaneous information | "Mission Coordinator, Kerala State IT Mission" |
| 520 ## - SUMMARY, ETC. | |
| Summary, etc. | Information Communication Technology tools to transform bureaucracy, reduce cost, and improve governance, increase effectiveness, efficiency, transparency, accountability, reach and to fast-track economic and social progress. It has been suggested in public administration literature that the introduction of e-Governance and ICT led automation of government departments may lead to organizational changes in the way public services are delivered.<br/><br/>The Central Mission Mode e-Governance project of National e-Governance Plan “e-Office‟ under the governance of Kerala State IT Mission . As the part of Mission mode project e-office was implemented in Secretariat LSG Department ,Government of Kerala. <br/><br/>This report titled “Impact study of e-office in Secretariat LSGD Government of Kerala “ is a study impact of e-Office in Secretariat LSGD , Kerala. The impact of e-Office project was assessed by examining difference in service levels before and after the e-Office project was augmented by the organizations. The assessment frame work mainly focuses on some of the aspects of e-Governance tools . The result will improve the quality of e-office implementation for new installation.<br/> |
| 650 ## - SUBJECT ADDED ENTRY--TOPICAL TERM | |
| Topical term or geographic name entry element | E-GOVERNANCE |
| 9 (RLIN) | 8254 |
| 650 ## - SUBJECT ADDED ENTRY--TOPICAL TERM | |
| Topical term or geographic name entry element | E-OFFICE |
| 9 (RLIN) | 8255 |
| 942 ## - ADDED ENTRY ELEMENTS (KOHA) | |
| Source of classification or shelving scheme | Dewey Decimal Classification |
| Koha item type | |
| Withdrawn status | Lost status | Source of classification or shelving scheme | Damaged status | Not for loan | Home library | Current library | Date acquired | Total Checkouts | Barcode | Date last seen | Price effective from | Koha item type |
|---|---|---|---|---|---|---|---|---|---|---|---|---|
| Dewey Decimal Classification | IIITM-K | Kerala University of Digital Sciences, Innovation and Technology Knowledge Centre | 29/02/2016 | R-639 | 29/02/2016 | 29/02/2016 | Project Reports |